| 000 | 01290cam a2200313 a 4500 | ||
|---|---|---|---|
| 999 |
_c1437 _d1437 |
||
| 001 | 12354813 | ||
| 003 | OSt | ||
| 005 | 20210628071940.0 | ||
| 008 | 010322s2002 nyua 001 0 eng | ||
| 010 | _a 2001033014 | ||
| 020 | _a047141803X (pbk. : alk. paper) | ||
| 040 |
_aDLC _cDLC _dDLC |
||
| 050 | 0 | 0 |
_aQD253.2 _b.S65 2002 |
| 082 | 0 | 0 |
_a547 _221 |
| 100 | 1 | _aSolomons, T. W. Graham. | |
| 245 | 1 | 0 |
_aOrganic chemistry / _cT.W. Graham Solomons, Craig B. Fryhle. |
| 250 | _a7th ed. upgrade. | ||
| 260 |
_aNew York : _bJ. Wiley, _cc2002. |
||
| 300 |
_a1 v. (various pagings) : _bill. (some col.) ; _c26 cm. + _e1 computer optical disc (4 3/4 in.) |
||
| 504 | _aIncludes index. | ||
| 650 | 0 | _aChemistry, Organic. | |
| 700 | 1 | _aFryhle, Craig B. | |
| 856 | 4 | 2 |
_3Contributor biographical information _uhttp://www.loc.gov/catdir/bios/wiley043/2001033014.html |
| 856 | 4 | 2 |
_3Publisher description _uhttp://www.loc.gov/catdir/description/wiley036/2001033014.html |
| 856 | 4 |
_3Table of Contents _uhttp://www.loc.gov/catdir/toc/onix07/2001033014.html |
|
| 906 |
_a7 _bcbc _corignew _d1 _eocip _f20 _gy-gencatlg |
||
| 942 |
_2lcc _cBK _nDO |
||